| 000 | 00728nam a22001937a 4500 | ||
|---|---|---|---|
| 003 | OSt | ||
| 005 | 20251105054225.0 | ||
| 008 | 251105b |||||||| |||| 00| 0 eng d | ||
| 020 | _a 978-621-427-057-6 | ||
| 040 |
_aDWCL-Main lib _cOC |
||
| 082 | _aFil. 658.3 M539h 2019 | ||
| 100 | _aMendoza, Ernesto H. | ||
| 245 |
_aHuman resource management current directions and new challenge with overview of international HRM/ _cErnesto H. Mendoza |
||
| 260 |
_a Manila, Philippines : _b Unlimited Books library services & publishing , _cc2019. |
||
| 300 |
_a xii, 400 pages : _billustrations ; _c25cm. |
||
| 504 | _aIncludes bibliographical references | ||
| 650 | _a1. Personnel management. | ||
| 942 |
_2ddc _cBK - FIL _kFil. _n0 |
||
| 999 |
_c5485 _d5485 |
||